[Event "14. Opent Internacional de Mislata"]
[Site "Mislata ESP"]
[Date "2006.08.28"]
[Round "7.5"]
[White "Arizmendi Martinez, Julen"]
[Black "Peña Riascos, Alexander"]
[Result "1-0"]
[WhiteElo "2542"]
[BlackElo "2313"]
[PlyCount "67"]
[EventDate "2006.08.23"]
[EventType "swiss"]
[EventRounds "9"]
[EventCountry "ESP"]
[Source "lmi"]
[SourceDate "2006.08.23"]

1. e4 c5 2. Nf3 d6 3. d4 cxd4 4. Nxd4 Nf6 5. Nc3 a6 6. g3 g6 7. Bg2 Bg7 8. O-O
O-O 9. h3 Nbd7 10. Re1 Nb6 11. b3 e6 12. a4 Qc7 13. Bb2 Rd8 14. Qd2 h6 15. Rad1
e5 16. Nde2 Be6 17. a5 Nbd7 18. Nd5 Bxd5 19. exd5 Re8 20. c4 b6 21. Bc3 Nh5 22.
Rb1 f5 23. Rec1 Nhf6 24. axb6 Qxb6 25. Ba5 Qa7 26. b4 Rac8 27. Qe3 Qa8 28. c5
Nxd5 29. Qb3 e4 30. Nf4 N7f6 31. cxd6 g5 32. Rxc8 Rxc8 33. Nxd5 Nxd5 34. Rd1
1-0

[Event "14. Opent Internacional de Mislata"]
[Site "Mislata ESP"]
[Date "2006.08.28"]
[Round "7.6"]
[White "Pallardo Lozoya, Jose Vte"]
[Black "Gonzalez Rodriguez, Jorge"]
[Result "0-1"]
[WhiteElo "2323"]
[BlackElo "2447"]
[PlyCount "139"]
[EventDate "2006.08.23"]
[EventType "swiss"]
[EventRounds "9"]
[EventCountry "ESP"]
[Source "lmi"]
[SourceDate "2006.08.23"]

1. e4 e6 2. d4 d5 3. Nd2 Nf6 4. e5 Ng8 5. c3 b6 6. b4 c5 7. Ngf3 a5 8. b5 a4 9.
dxc5 bxc5 10. Rb1 Nd7 11. Bd3 g6 12. O-O Bg7 13. Re1 Ne7 14. Nf1 Qc7 15. Bf4
Bb7 16. h4 h6 17. N1h2 Nb6 18. Ng4 O-O-O 19. Bc2 Kb8 20. Ngh2 Nf5 21. Bxa4 d4
22. c4 Nxc4 23. b6 Nxb6 24. Qb3 Nd5 25. Bb5 Qb6 26. Nd2 Nc3 27. Nc4 Qxb5 28.
Qxb5 Nxb5 29. Rxb5 Ka7 30. g4 Ba6 31. Ra5 Ne7 32. Nd6 Nd5 33. Bg3 Rd7 34. Rxc5
Nc3 35. Ra5 Rb8 36. f4 d3 37. Bf2+ Rb6 38. Nf3 Rc7 39. Nd4 Kb8 40. Nxe6 fxe6
41. Bxb6 d2 42. Bxc7+ Kxc7 43. Ra1 Kb6 44. Ra3 Ne2+ 45. Kf2 Nc1 46. Rc3 d1=Q
47. Raxc1 Qd4+ 48. Kg3 Bxe5 49. Rc6+ Ka5 50. R1c5+ Kb4 51. Rc4+ Bxc4 52. Rxc4+
Qxc4 53. Nxc4 Bc7 54. Ne5 Bxe5 55. fxe5 Ka3 56. Kf3 Kxa2 57. Ke2 Kb3 58. Kd3
Kb4 59. Kd4 Kb5 60. Kd3 Kc5 61. Kc3 Kd5 62. Kd3 Kxe5 63. Ke3 g5 64. h5 Kd5 65.
Kd3 e5 66. Ke3 e4 67. Ke2 Kd4 68. Kd2 e3+ 69. Ke1 Ke4 70. Ke2 0-1

[Event "14. Opent Internacional de Mislata"]
[Site "Mislata ESP"]
[Date "2006.08.28"]
[Round "7.7"]
[White "Cruz Estrada, Filemon"]
[Black "Asensio Liñan, Teodoro"]
[Result "1-0"]
[WhiteElo "2397"]
[BlackElo "2244"]
[PlyCount "145"]
[EventDate "2006.08.23"]
[EventType "swiss"]
[EventRounds "9"]
[EventCountry "ESP"]
[Source "lmi"]
[SourceDate "2006.08.23"]

1. c4 Nf6 2. g3 g6 3. Bg2 Bg7 4. Nc3 O-O 5. Nf3 d6 6. O-O Nbd7 7. Rb1 c6 8. b4
e5 9. b5 d5 10. bxc6 bxc6 11. d4 Re8 12. cxd5 cxd5 13. dxe5 Nxe5 14. Nxe5 Rxe5
15. Bf4 Rh5 16. Qa4 Bd7 17. Qa3 Rc8 18. Rfd1 Bf8 19. Qb3 Be6 20. Nb5 Bc5 21.
Nd4 Bg4 22. Qb7 Qe8 23. Bf3 Bb6 24. a4 g5 25. Be3 Rc7 26. Qa6 Bc8 27. Qb5 Bd7
28. Qd3 g4 29. Bg2 Bxa4 30. Rdc1 Bd7 31. Rxc7 Bxc7 32. Rb7 Bb6 33. Bf4 Kg7 34.
Rb8 Qe7 35. e3 Qc5 36. Qd2 Ne4 37. Bxe4 dxe4 38. Qb2 f6 39. Rb7 Qd5 40. Rb8 Re5
41. Bxe5 fxe5 42. Ne2 Qd6 43. Rb7 Kg6 44. Kg2 Bc6 45. Rxb6 axb6 46. Qxb6 Kf5
47. Nc3 Qd7 48. Qc5 Qe8 49. Qd6 Kg5 50. Nd5 Bxd5 51. Qxd5 Kf5 52. Qb7 Qg6 53.
Qc8+ Kg5 54. Qf8 h5 55. Kg1 Qe6 56. Qg7+ Kf5 57. Qh7+ Qg6 58. Qd7+ Qe6 59. Qg7
Qc6 60. h4 gxh3 61. Kh2 Qc2 62. Qf7+ Kg5 63. Kxh3 Qc8+ 64. Kg2 Qg4 65. Qe7+ Kf5
66. Qf7+ Kg5 67. Qe7+ Kf5 68. Qf8+ Kg5 69. Qf7 Qe2 70. Qg7+ Kf5 71. Qh7+ Ke6
72. Qxe4 Kd6 73. Qf3 1-0

[Event "14. Opent Internacional de Mislata"]
[Site "Mislata ESP"]
[Date "2006.08.28"]
[Round "7.8"]
[White "Camacho Collados, Jose"]
[Black "Alonso Moyano, Jonathan"]
[Result "1-0"]
[WhiteElo "2264"]
[BlackElo "2372"]
[PlyCount "75"]
[EventDate "2006.08.23"]
[EventType "swiss"]
[EventRounds "9"]
[EventCountry "ESP"]
[Source "lmi"]
[SourceDate "2006.08.23"]

1. e4 c5 2. Nf3 d6 3. g3 g6 4. Bg2 Bg7 5. O-O e5 6. c3 Nc6 7. a3 Nge7 8. b4 O-O
9. Re1 h6 10. b5 Na5 11. d3 c4 12. dxc4 Nxc4 13. Nbd2 Na5 14. Nb3 Nxb3 15. Qxb3
Be6 16. Qb4 Qc7 17. a4 Rfd8 18. Be3 Rd7 19. a5 a6 20. Bb6 Qc8 21. Nd2 axb5 22.
Bf1 d5 23. Bxb5 Nc6 24. Qa4 Re7 25. a6 Qe8 26. exd5 Bxd5 27. c4 Be6 28. Ne4 Bc8
29. Nd6 Qd7 30. Red1 Qh3 31. Bxc6 Rxa6 32. Nxc8 Rxa4 33. Nxe7+ Kf8 34. Bxa4
Kxe7 35. Bc5+ Kf6 36. Bd7 Qh5 37. Rd6+ Ke7 38. Bg4 1-0

[Event "14. Opent Internacional de Mislata"]
[Site "Mislata ESP"]
[Date "2006.08.28"]
[Round "7.9"]
[White "Serna Lara, Sergio"]
[Black "Ivanov, Jordan"]
[Result "1/2-1/2"]
[WhiteElo "2212"]
[BlackElo "2370"]
[PlyCount "149"]
[EventDate "2006.08.23"]
[EventType "swiss"]
[EventRounds "9"]
[EventCountry "ESP"]
[Source "lmi"]
[SourceDate "2006.08.23"]

1. d4 d6 2. c4 g6 3. Nc3 e5 4. Nf3 Nd7 5. e4 Ngf6 6. Be2 Bg7 7. O-O O-O 8. Qc2
Nh5 9. Rd1 Nf4 10. Bf1 c5 11. d5 f5 12. g3 Nh5 13. exf5 Rxf5 14. Bg2 Rf8 15.
Ng5 Qe7 16. Ne6 Rf7 17. Ne4 Nf8 18. N6g5 Rf5 19. g4 Nf4 20. gxf5 gxf5 21. Bxf4
exf4 22. Nh3 fxe4 23. Nxf4 Be5 24. Qxe4 Qh4 25. Nd3 Qxh2+ 26. Kf1 Bd4 27. Qf4
Qxf4 28. Nxf4 Bxb2 29. Rab1 Be5 30. Nd3 Bd4 31. Be4 b6 32. Nf4 Rb8 33. Ke2 Bg4+
34. f3 Re8 35. Kf1 Bc8 36. Kg2 Ba6 37. Bd3 Re7 38. Rh1 Rg7+ 39. Kf1 Rf7 40. Rh4
Ng6 41. Nxg6 Rxf3+ 42. Ke2 Re3+ 43. Kd2 hxg6 44. Rg4 Rf3 45. Rxg6+ Kf7 46. Rg2
b5 47. cxb5 Bb7 48. Be4 Rf4 49. Rh1 Rxe4 50. Rh7+ Kf6 51. Rxb7 c4 52. Rc7 Bb6
53. Rc8 Ba5+ 54. Kc2 Ke5 55. Ra8 Bb6 56. Rd2 Bd4 57. a4 c3 58. Rh2 Kxd5 59. a5
Bc5 60. Kxc3 Bb4+ 61. Kb3 Bxa5 62. Rh5+ Re5 63. Rxe5+ dxe5 64. Rxa7 Bb6 65. Rb7
Kc5 66. Ka4 e4 67. Re7 Kd5 68. Kb3 Ba5 69. Re8 Kd4 70. Ka4 Bc7 71. Rc8 Bg3 72.
b6 e3 73. b7 e2 74. Re8 Kd3 75. Kb5 1/2-1/2

[Event "14. Opent Internacional de Mislata"]
[Site "Mislata ESP"]
[Date "2006.08.28"]
[Round "7.10"]
[White "Gomez Jurado, Luis Alberto"]
[Black "Jose Iraeta, Alexandre"]
[Result "1-0"]
[WhiteElo "2333"]
[BlackElo "2221"]
[PlyCount "107"]
[EventDate "2006.08.23"]
[EventType "swiss"]
[EventRounds "9"]
[EventCountry "ESP"]
[Source "lmi"]
[SourceDate "2006.08.23"]

1. d4 d5 2. Nf3 Bf5 3. c4 e6 4. Nc3 c6 5. Qb3 Qb6 6. c5 Qxb3 7. axb3 Nd7 8. b4
b5 9. cxb6 Nxb6 10. Ne5 Bxb4 11. Nxc6 Bxc3+ 12. bxc3 Ne7 13. Nxe7 Kxe7 14. Ba3+
Kd7 15. f3 Nc4 16. Bc5 Ne3 17. Kf2 Nxf1 18. Rhxf1 a6 19. Ra5 Rhc8 20. Rfa1 Rc6
21. R1a2 Kc7 22. c4 dxc4 23. e4 Bg6 24. Rc2 Rb8 25. Rxc4 Rb2+ 26. Kg3 Kb7 27.
d5 exd5 28. exd5 Rc8 29. Rca4 Rb5 30. Rxb5+ axb5 31. Ra7+ Kb8 32. Bb6 Rd8 33.
Bxd8 Kxa7 34. Kf4 Kb7 35. Ke5 Kc8 36. Be7 Kd7 37. Bf8 Bd3 38. Bxg7 b4 39. Bf8
b3 40. Ba3 Bf1 41. g4 Be2 42. Ke4 Bd1 43. g5 Be2 44. f4 Bd1 45. Ke5 Be2 46. Kf6
Ke8 47. h4 Bf3 48. d6 Be4 49. h5 Bf3 50. h6 Be4 51. d7+ Kxd7 52. Kxf7 Bd3 53.
Kf6 Bc2 54. f5 1-0

[Event "14. Opent Internacional de Mislata"]
[Site "Mislata ESP"]
[Date "2006.08.28"]
[Round "7.11"]
[White "Carrascoso Morales, Abel"]
[Black "Navarro Cia, Miguel"]
[Result "0-1"]
[WhiteElo "2134"]
[BlackElo "2332"]
[PlyCount "60"]
[EventDate "2006.08.23"]
[EventType "swiss"]
[EventRounds "9"]
[EventCountry "ESP"]
[Source "lmi"]
[SourceDate "2006.08.23"]

1. e4 c5 2. Nf3 Nc6 3. Nc3 e6 4. d4 cxd4 5. Nxd4 Qc7 6. Nb3 Nf6 7. Be3 Bb4 8.
Bd3 d5 9. exd5 Nxd5 10. O-O Nxc3 11. bxc3 Bxc3 12. Rb1 O-O 13. Nc5 g6 14. Ne4
Bg7 15. Qc1 Ne5 16. Bc5 Nxd3 17. cxd3 Rd8 18. Qa3 f5 19. Ng5 Qd7 20. Rfd1 Qd5
21. Nf3 b6 22. Bb4 Bb7 23. Rbc1 Rd7 24. d4 g5 25. Bc3 g4 26. Ne1 h5 27. Rc2 e5
28. Qb3 Qxb3 29. axb3 exd4 30. Rcd2 Rad8 0-1

[Event "14. Opent Internacional de Mislata"]
[Site "Mislata ESP"]
[Date "2006.08.28"]
[Round "7.12"]
[White "Garcia Roman, Daniel"]
[Black "Megias Chafer, Alejandro"]
[Result "1-0"]
[WhiteElo "2438"]
[BlackElo "2149"]
[PlyCount "98"]
[EventDate "2006.08.23"]
[EventType "swiss"]
[EventRounds "9"]
[EventCountry "ESP"]
[Source "lmi"]
[SourceDate "2006.08.23"]

1. e4 d5 2. exd5 Qxd5 3. Nc3 Qa5 4. d4 Nf6 5. Nf3 Bg4 6. h3 Bh5 7. g4 Bg6 8.
Bg2 c6 9. O-O Nbd7 10. Re1 e6 11. g5 Nd5 12. Ne4 Qc7 13. Ne5 Nxe5 14. dxe5
O-O-O 15. Qd4 Nb4 16. Qc3 Nd5 17. Qg3 Nb4 18. Re2 Bh5 19. f3 Rd1+ 20. Kh2 Bg6
21. Rd2 Rxd2 22. Bxd2 Nxc2 23. Nd6+ Kb8 24. Rd1 Nd4 25. Ba5 Nxf3+ 26. Qxf3 Qxa5
27. Nxb7 Qxe5+ 28. Kh1 Be4 29. Qxe4 Qxe4 30. Bxe4 Kxb7 31. Rd7+ Kb6 32. Rxf7
Bc5 33. Rxg7 h6 34. g6 Bd4 35. Re7 Bxb2 36. Rxe6 Rc8 37. Kg2 Rc7 38. Kf3 Kb5
39. Kg4 c5 40. Kh5 Bg7 41. Re8 c4 42. Rg8 Rc5+ 43. Kg4 Rg5+ 44. Kf3 Be5 45. Re8
Bd4 46. h4 Re5 47. Rb8+ Kc5 48. g7 Rxe4 49. g8=Q Re3+ 1-0

[Event "14. Opent Internacional de Mislata"]
[Site "Mislata ESP"]
[Date "2006.08.28"]
[Round "7.13"]
[White "Picazo Lopez, Juan Antonio"]
[Black "Alvarez Ibarra, Rafael"]
[Result "1/2-1/2"]
[WhiteElo "2138"]
[BlackElo "2396"]
[PlyCount "27"]
[EventDate "2006.08.23"]
[EventType "swiss"]
[EventRounds "9"]
[EventCountry "ESP"]
[Source "lmi"]
[SourceDate "2006.08.23"]

1. d4 d6 2. g3 e5 3. c3 Be7 4. Bg2 f5 5. dxe5 dxe5 6. Qxd8+ Bxd8 7. Nd2 Nf6 8.
e4 f4 9. Ngf3 Nc6 10. Nc4 fxg3 11. hxg3 Ng4 12. Nh2 Nf6 13. Nf3 Ng4 14. Nh2
1/2-1/2

[Event "14. Opent Internacional de Mislata"]
[Site "Mislata ESP"]
[Date "2006.08.28"]
[Round "7.14"]
[White "Fenollar Jorda, Manuel"]
[Black "Gimeno Higueras, Roberto"]
[Result "1-0"]
[WhiteElo "2329"]
[BlackElo "2141"]
[PlyCount "51"]
[EventDate "2006.08.23"]
[EventType "swiss"]
[EventRounds "9"]
[EventCountry "ESP"]
[Source "lmi"]
[SourceDate "2006.08.23"]

1. e4 e5 2. d4 d6 3. Nf3 Bg4 4. dxe5 Bxf3 5. Qxf3 dxe5 6. Bc4 Qf6 7. Qb3 Nd7 8.
Qxb7 Rb8 9. Qa6 Qh4 10. Nd2 Ngf6 11. O-O Bc5 12. Nf3 Qg4 13. h3 Qh5 14. Re1 O-O
15. c3 Qg6 16. b4 Bb6 17. Nh4 Qh5 18. g3 g5 19. Be2 g4 20. hxg4 Nxg4 21. Bxg4
Qxg4 22. Kg2 Kh8 23. Nf5 Rbd8 24. a4 Qg6 25. Qe2 a5 26. Rh1 1-0

[Event "14. Opent Internacional de Mislata"]
[Site "Mislata ESP"]
[Date "2006.08.28"]
[Round "7.15"]
[White "Carrasco Sagredo, Manuel"]
[Black "Longa Yauca, Javier"]
[Result "0-1"]
[WhiteElo "2099"]
[BlackElo "2311"]
[PlyCount "86"]
[EventDate "2006.08.23"]
[EventType "swiss"]
[EventRounds "9"]
[EventCountry "ESP"]
[Source "lmi"]
[SourceDate "2006.08.23"]

1. e4 e5 2. Nf3 Nc6 3. Bc4 Nf6 4. d3 h6 5. c3 Be7 6. O-O d6 7. Bb3 O-O 8. Re1
Kh8 9. h3 Bd7 10. Nbd2 Nh7 11. d4 Ng5 12. d5 Nb8 13. Nf1 Nxf3+ 14. Qxf3 f5 15.
exf5 Bxf5 16. Ne3 Bh7 17. Qe2 Nd7 18. Bc2 Bg8 19. c4 a5 20. a4 Nc5 21. Nf5 Bg5
22. f4 exf4 23. h4 Bxh4 24. Bxf4 Bh7 25. Qg4 Bg5 26. Ra3 Bxf5 27. Bxf5 Qf6 28.
Bxg5 Qxf5 29. Qxf5 Rxf5 30. Bc1 Raf8 31. Rg3 Nxa4 32. b3 Nc5 33. Bb2 R8f7 34.
Ree3 Kh7 35. Rg4 Rf1+ 36. Kh2 Rb1 37. Bc3 Rxb3 38. Reg3 g5 39. Re3 Kg6 40. Rgg3
Rf4 41. Re7 Rh4+ 42. Kg1 Rb1+ 43. Kf2 Ne4+ 0-1

[Event "14. Opent Internacional de Mislata"]
[Site "Mislata ESP"]
[Date "2006.08.29"]
[Round "8.1"]
[White "Cabrera Pino, Alexis"]
[Black "Cruz Sanchez, Cristhian"]
[Result "1-0"]
[WhiteElo "2506"]
[BlackElo "2289"]
[PlyCount "55"]
[EventDate "2006.08.23"]
[EventType "swiss"]
[EventRounds "9"]
[EventCountry "ESP"]
[Source "lmi"]
[SourceDate "2006.08.23"]

1. e4 c5 2. Nf3 d6 3. d4 cxd4 4. Nxd4 Nf6 5. Nc3 a6 6. g3 e5 7. Nb3 Be7 8. Bg2
Be6 9. O-O Nbd7 10. a4 b6 11. Re1 Rb8 12. Qe2 Qc8 13. Bf1 d5 14. Bg5 d4 15. Nd5
Nxd5 16. exd5 Bxd5 17. Bxe7 Kxe7 18. Nxd4 Kf8 19. Bh3 exd4 20. Qe7+ Kg8 21.
Bxd7 Qc5 22. Qe5 Rf8 23. b4 Qc4 24. Rad1 Ba8 25. Rxd4 Qxc2 26. Rf4 g6 27. Be6
Qc6 28. Bxf7+ 1-0

[Event "14. Opent Internacional de Mislata"]
[Site "Mislata ESP"]
[Date "2006.08.29"]
[Round "8.2"]
[White "Komljenovic, Davor"]
[Black "Vallejo Diaz, Jesus"]
[Result "1-0"]
[WhiteElo "2473"]
[BlackElo "2265"]
[PlyCount "75"]
[EventDate "2006.08.23"]
[EventType "swiss"]
[EventRounds "9"]
[EventCountry "ESP"]
[Source "lmi"]
[SourceDate "2006.08.23"]

1. d4 Nf6 2. c4 g6 3. Nf3 Bg7 4. g3 d6 5. Bg2 O-O 6. O-O Nbd7 7. Nc3 e5 8. e4
c6 9. Qc2 exd4 10. Nxd4 Re8 11. Rd1 Qe7 12. b3 Nc5 13. f3 a5 14. Ba3 Nfd7 15.
Rd2 f5 16. Re1 Qf6 17. f4 fxe4 18. Bxe4 Kh8 19. Bb2 Qf8 20. Qd1 Nf6 21. Bf3
Rxe1+ 22. Qxe1 Bd7 23. Qd1 Rd8 24. a3 Ne6 25. Nde2 Bc8 26. Na4 Qe7 27. Nec3 Nc7
28. Re2 Qf7 29. Nb6 Bg4 30. Bxg4 Nxg4 31. Ne4 Ne8 32. Ng5 Qc7 33. c5 Bxb2 34.
Ne6 dxc5 35. Qxd8 Qxd8 36. Nxd8 Bd4+ 37. Kg2 Nd6 38. Nxb7 1-0

[Event "14. Opent Internacional de Mislata"]
[Site "Mislata ESP"]
[Date "2006.08.29"]
[Round "8.3"]
[White "Arizmendi Martinez, Julen"]
[Black "Gomez Jurado, Luis Alberto"]
[Result "1/2-1/2"]
[WhiteElo "2542"]
[BlackElo "2333"]
[PlyCount "98"]
[EventDate "2006.08.23"]
[EventType "swiss"]
[EventRounds "9"]
[EventCountry "ESP"]
[Source "lmi"]
[SourceDate "2006.08.23"]

1. e4 c5 2. Nc3 Nc6 3. Nf3 Nf6 4. Bb5 Nd4 5. e5 Nxb5 6. Nxb5 Nd5 7. Ng5 a6 8.
Qf3 f6 9. Qxd5 fxg5 10. Nc3 e6 11. Qf3 d5 12. exd6 Bxd6 13. Ne4 Be7 14. d3 h5
15. h3 Bd7 16. Qg3 h4 17. Qe5 O-O 18. Bxg5 Rf5 19. Bxe7 Qxe7 20. Qc7 b5 21. O-O
Rc8 22. Qd6 Qd8 23. Qxa6 Rd5 24. Qa3 c4 25. Rad1 Bc6 26. Qc3 Rd4 27. Qe1 cxd3
28. cxd3 Bxe4 29. dxe4 Rc2 30. Rb1 Qf8 31. Qa5 Rdd2 32. Qb6 Qf4 33. Qxe6+ Kh7
34. Qg4 Qxg4 35. hxg4 Kg6 36. a3 Kg5 37. b3 Kf4 38. a4 Rb2 39. Rxb2 Rxb2 40.
Ra1 Rxb3 41. a5 Rc3 42. a6 Rc8 43. f3 Kg3 44. a7 Ra8 45. e5 b4 46. e6 b3 47. e7
b2 48. Rb1 Rc8 49. Re1 Rc2 1/2-1/2

[Event "14. Opent Internacional de Mislata"]
[Site "Mislata ESP"]
[Date "2006.08.29"]
[Round "8.4"]
[White "Gonzalez Rodriguez, Jorge"]
[Black "Navarro Cia, Miguel"]
[Result "0-1"]
[WhiteElo "2447"]
[BlackElo "2332"]
[PlyCount "96"]
[EventDate "2006.08.23"]
[EventType "swiss"]
[EventRounds "9"]
[EventCountry "ESP"]
[Source "lmi"]
[SourceDate "2006.08.23"]

1. b3 d5 2. e3 Nf6 3. Bb2 g6 4. Bxf6 exf6 5. d4 f5 6. g3 c6 7. Bg2 Nd7 8. Ne2
Nf6 9. Qd3 Ne4 10. O-O Bd6 11. c4 O-O 12. Nbc3 Be6 13. f3 Nf6 14. f4 Ne4 15. c5
Bc7 16. b4 h5 17. h4 Qe7 18. Rfc1 Rae8 19. Nxe4 fxe4 20. Qd2 f6 21. Kf2 Rf7 22.
Rh1 Qd7 23. Ng1 Rg7 24. Bh3 g5 25. Bxe6+ Qxe6 26. Qe2 gxf4 27. gxf4 Bxf4 28.
exf4 e3+ 29. Kf1 Qe4 30. Qf3 Qxd4 31. Re1 Qd2 32. Ne2 d4 33. Ng3 Qd3+ 34. Kg2
Qc2+ 35. Kh3 Kf8 36. Re2 Qg6 37. Rhe1 Ree7 38. f5 Qh6 39. Rd1 Rg4 40. Rg2 Reg7
41. Rgg1 Rf4 42. Qe2 Rgg4 43. Rdf1 Rxh4+ 44. Kg2 Qg5 45. Rxf4 Qxf4 46. Rf1 Qg5
47. Qf3 Rg4 48. Kh3 d3 0-1

[Event "14. Opent Internacional de Mislata"]
[Site "Mislata ESP"]
[Date "2006.08.29"]
[Round "8.5"]
[White "Camacho Collados, Jose"]
[Black "Cruz Estrada, Filemon"]
[Result "1-0"]
[WhiteElo "2264"]
[BlackElo "2397"]
[PlyCount "115"]
[EventDate "2006.08.23"]
[EventType "swiss"]
[EventRounds "9"]
[EventCountry "ESP"]
[Source "lmi"]
[SourceDate "2006.08.23"]

1. e4 e5 2. Nf3 Nc6 3. Bb5 a6 4. Bxc6 dxc6 5. O-O f6 6. d4 exd4 7. Nxd4 c5 8.
Nb3 Qxd1 9. Rxd1 c4 10. Na5 b5 11. Bf4 Bg4 12. f3 Be6 13. Bxc7 Nh6 14. Nc3 Nf7
15. Nb7 Bb4 16. Nd5 Kd7 17. Ba5 Bxa5 18. Nxa5 Bxd5 19. Rxd5+ Kc7 20. b3 Kb6 21.
Nb7 Ra7 22. Nc5 Rd8 23. Rad1 Rxd5 24. Rxd5 Ne5 25. Ne6 Ka5 26. a3 Re7 27. Rd6
b4 28. a4 cxb3 29. Nc5 Ra7 30. cxb3 Nf7 31. Rc6 Nd8 32. Rd6 Nb7 33. Rc6 Nd8 34.
Rd6 Nb7 35. Rd5 Kb6 36. Ne6 Ra8 37. Rd4 a5 38. Rc4 Rg8 39. Kf2 g6 40. Nc7 f5
41. Nd5+ Ka7 42. e5 Rd8 43. Nf6 Rd2+ 44. Ke3 Rb2 45. e6 Rxb3+ 46. Kd4 Nd8 47.
e7 Ne6+ 48. Kd5 Ng7 49. e8=Q Nxe8 50. Nxe8 Ra3 51. Nd6 Rxa4 52. Rc7+ Ka6 53.
Rc6+ Ka7 54. Kc5 Ra2 55. Rc7+ Ka6 56. Rc6+ Ka7 57. Kb5 b3 58. Rc7+ 1-0

[Event "14. Opent Internacional de Mislata"]
[Site "Mislata ESP"]
[Date "2006.08.29"]
[Round "8.6"]
[White "Torres Sanchez, Jose"]
[Black "Garcia Fernandez, Carlos"]
[Result "0-1"]
[WhiteElo "2295"]
[BlackElo "2358"]
[PlyCount "58"]
[EventDate "2006.08.23"]
[EventType "swiss"]
[EventRounds "9"]
[EventCountry "ESP"]
[Source "lmi"]
[SourceDate "2006.08.23"]

1. d4 d6 2. Nf3 Nd7 3. e4 e5 4. Bc4 c6 5. O-O Be7 6. dxe5 dxe5 7. Ng5 Bxg5 8.
Qh5 Qe7 9. Bxg5 Ngf6 10. Qh4 Nf8 11. Nc3 Be6 12. Be2 Ng6 13. Qg3 h6 14. Bc1 O-O
15. h4 Qc7 16. Re1 b5 17. Bf1 Qe7 18. Be2 b4 19. Na4 Nxe4 20. Qe3 f5 21. h5 Nf4
22. Bf3 Bd5 23. c4 Bxc4 24. Bxe4 fxe4 25. Qxe4 Bd3 26. Qxe5 Qh4 27. Bxf4 Rxf4
28. g3 Raf8 29. Re3 R4f5 0-1

[Event "14. Opent Internacional de Mislata"]
[Site "Mislata ESP"]
[Date "2006.08.29"]
[Round "8.7"]
[White "Remoli Sargues, Francisco"]
[Black "Garcia Roman, Daniel"]
[Result "0-1"]
[WhiteElo "2255"]
[BlackElo "2438"]
[PlyCount "60"]
[EventDate "2006.08.23"]
[EventType "swiss"]
[EventRounds "9"]
[EventCountry "ESP"]
[Source "lmi"]
[SourceDate "2006.08.23"]

1. e4 c5 2. Nf3 e6 3. d3 Nc6 4. g3 d5 5. Nbd2 Nf6 6. Bg2 Be7 7. O-O O-O 8. Re1
b5 9. c3 Bb7 10. e5 Nd7 11. Nf1 b4 12. h4 bxc3 13. bxc3 Qa5 14. Bd2 Nb6 15.
N1h2 Ba6 16. Bf1 Qa4 17. Qe2 Rab8 18. Bf4 Qa3 19. Rac1 Na4 20. Ng5 Nxc3 21. Qh5
Bxg5 22. hxg5 Ne7 23. Ng4 Ng6 24. Nf6+ gxf6 25. exf6 Kh8 26. Qh6 Rg8 27. Bxb8
Nb5 28. Rxe6 fxe6 29. f7 Rxb8 30. Re1 Nd4 0-1

[Event "14. Opent Internacional de Mislata"]
[Site "Mislata ESP"]
[Date "2006.08.29"]
[Round "8.8"]
[White "Huerga Leache, Mikel"]
[Black "Borges Mateos, Juan"]
[Result "0-1"]
[WhiteElo "2310"]
[BlackElo "2434"]
[PlyCount "62"]
[EventDate "2006.08.23"]
[EventType "swiss"]
[EventRounds "9"]
[EventCountry "ESP"]
[Source "lmi"]
[SourceDate "2006.08.23"]

1. e4 e6 2. d4 d5 3. Nc3 Nf6 4. e5 Nfd7 5. Nf3 c5 6. dxc5 Nc6 7. Bf4 Bxc5 8.
Bd3 h6 9. Bg3 a6 10. Qd2 b5 11. O-O Bb7 12. Ne2 g5 13. h3 Qc7 14. Rfe1 Ncxe5
15. Nxe5 Nxe5 16. Kh1 O-O 17. h4 f6 18. Ng1 Bd6 19. Bxe5 fxe5 20. hxg5 e4 21.
Bf1 Qg7 22. Nh3 hxg5 23. Rxe4 Bf4 24. Rxf4 gxf4 25. Qb4 e5 26. Rd1 Rae8 27. c4
d4 28. c5 Rf6 29. Qb3+ Kh8 30. Kh2 Rg8 31. c6 Bxc6 0-1

[Event "14. Opent Internacional de Mislata"]
[Site "Mislata ESP"]
[Date "2006.08.29"]
[Round "8.9"]
[White "Ivanov, Jordan"]
[Black "Pavia Miralles, Jose Manuel"]
[Result "1-0"]
[WhiteElo "2370"]
[BlackElo "2278"]
[PlyCount "65"]
[EventDate "2006.08.23"]
[EventType "swiss"]
[EventRounds "9"]
[EventCountry "ESP"]
[Source "lmi"]
[SourceDate "2006.08.23"]

1. d4 f5 2. c4 Nf6 3. Nf3 g6 4. g3 Bg7 5. Bg2 d6 6. O-O O-O 7. Nc3 c6 8. Re1
Na6 9. d5 e5 10. e4 c5 11. Ng5 Nc7 12. f3 f4 13. Nh3 g5 14. Nf2 h5 15. Nd3 Nh7
16. Bd2 g4 17. gxf4 exf4 18. Bxf4 Ng5 19. Bxg5 Qxg5 20. f4 Qg6 21. e5 Bf5 22.
Ne4 h4 23. exd6 h3 24. Ne5 Bxe5 25. fxe5 hxg2 26. Ng3 Ne8 27. Kxg2 Rd8 28. Qd2
Ng7 29. Re3 Qh6 30. Rf1 Rd7 31. e6 Be4+ 32. Nxe4 Rxf1 33. Kxf1 1-0

[Event "14. Opent Internacional de Mislata"]
[Site "Mislata ESP"]
[Date "2006.08.29"]
[Round "8.10"]
[White "Ibañez Aullana, Ramon"]
[Black "Serna Lara, Sergio"]
[Result "1-0"]
[WhiteElo "2337"]
[BlackElo "2212"]
[PlyCount "103"]
[EventDate "2006.08.23"]
[EventType "swiss"]
[EventRounds "9"]
[EventCountry "ESP"]
[Source "lmi"]
[SourceDate "2006.08.23"]

1. d4 d5 2. c4 c6 3. Nc3 Nf6 4. Nf3 e6 5. e3 Nbd7 6. Bd3 Bd6 7. O-O O-O 8. e4
dxc4 9. Bxc4 e5 10. Bg5 Qe7 11. Bb3 h6 12. Bh4 Rd8 13. Re1 Nf8 14. Qc2 Ng6 15.
Bg3 Nh5 16. dxe5 Nxe5 17. Nxe5 Bxe5 18. Bxe5 Qxe5 19. g3 Nf6 20. f3 Be6 21.
Rad1 Bxb3 22. Qxb3 b6 23. Qc4 Qe6 24. Qxe6 fxe6 25. Kf2 Kf7 26. Rxd8 Rxd8 27.
Rd1 Rxd1 28. Nxd1 c5 29. Ke2 Nd7 30. f4 g5 31. e5 gxf4 32. gxf4 Ke7 33. Kd3 Nf8
34. Ke4 Kd7 35. Nc3 a6 36. f5 exf5+ 37. Kxf5 Ne6 38. Kf6 Nc7 39. Kf7 c4 40. Ne4
b5 41. a3 a5 42. Nd6 Kc6 43. h4 h5 44. a4 bxa4 45. Nxc4 Kd5 46. Nxa5 Ne6 47.
Kf6 Nf4 48. Nb7 Kc6 49. Nd6 Nd3 50. Nc4 Nxb2 51. Nxb2 a3 52. Nd3 1-0

[Event "14. Opent Internacional de Mislata"]
[Site "Mislata ESP"]
[Date "2006.08.29"]
[Round "8.11"]
[White "Vallejo Diaz, Javier"]
[Black "Fenollar Jorda, Manuel"]
[Result "0-1"]
[WhiteElo "2230"]
[BlackElo "2329"]
[PlyCount "56"]
[EventDate "2006.08.23"]
[EventType "swiss"]
[EventRounds "9"]
[EventCountry "ESP"]
[Source "lmi"]
[SourceDate "2006.08.23"]

1. e4 e5 2. Nf3 Nc6 3. Bb5 Nf6 4. d3 Bc5 5. O-O d6 6. c3 O-O 7. Nbd2 Bd7 8. h3
a6 9. Ba4 Ba7 10. Re1 b5 11. Bc2 Nh5 12. Nf1 Qf6 13. Bg5 Qg6 14. g4 Nf6 15. Ng3
h5 16. Bxf6 hxg4 17. hxg4 Qxf6 18. Nf5 Bxf5 19. exf5 d5 20. a4 Qh6 21. Nxe5
Nxe5 22. Rxe5 Bxf2+ 23. Kg2 Qf4 24. d4 Qg3+ 25. Kf1 Be3 26. Ke2 Bf4 27. Qh1
Bxe5 28. dxe5 Qxe5+ 0-1